| 000 | 00377nam a2200145Ia 4500 | ||
|---|---|---|---|
| 008 | 191201s2019 xx 000 0 und d | ||
| 082 |
_a621.384 _bZIP |
||
| 100 | _aZIEMER, R E | ||
| 245 | 0 | _aPrinciples of Communication Systems Modulation and Noise | |
| 250 | _a3rd | ||
| 260 |
_aN.Delhi _bJaico Publication House |
||
| 300 | _a812 | ||
| 650 | _aB.Tech(ECE) | ||
| 942 |
_2ddc _cBK |
||
| 999 |
_c1952 _d1952 |
||